000 00465nam a2200193Ia 4500
005 20250423100944.0
008 250422s9999 xx 000 0 und d
020 _a9780735679665
050 _aQA 76.76.D47 .W54/
100 _aWiegers, Karl
245 0 _aSoftware requirements
250 _a3rd ed.
260 _aWashington
260 _bMicrosoft press
260 _c2013
300 _a637 p
650 _aComputer software--Development.
942 _cBK
999 _c34852
_d34852